000 00256nam a2200109Ia 4500
008 221009s9999 xx 000 0 und d
082 _a910
100 _aMajid Husain
245 0 _aIndian and World Geography
260 _bMcGraw Hill Eduction
942 _cBK
999 _c65175
_d65175